00660nam a2200169 a 4500003000200000005001700002008004100019050002600060100002700086245009000113260009000203300002300293504004100316650003600357650003900393650005800432020250423083136.0090729s19uu xx 00 eng d aPHS HM 1261b.S9 2005 aSy, Michelle Calilung. aThe Effects of every nation youth to one's leadership skills /cMichelle Calilung Sy. aLas Piñas City, Philippines :bSouthville International School and Colleges,c2005. a34 pages ;c28 cm. aIncludes bibliographical references. aLeadershipxStudy and teaching. aEvery Nation Youth (Organization). aLeadership in youthxReligious aspectsvChristianity.